[Event "Moscow Time of the First U13"]
[Site "Moscow"]
[Date "2019.06.19"]
[Round "4"]
[White "Urivskiy, Arseniy A"]
[Black "Iglin, Kirill"]
[Result "1-0"]
[WhiteElo "1398"]
[BlackElo "1227"]
[PlyCount "93"]
[EventDate "2019.06.17"]
[EventType "swiss"]
[EventRounds "9"]
[EventCountry "RUS"]
[SourceTitle "EXT 2021"]
[Source "ChessBase"]
[SourceDate "2020.10.23"]
[SourceVersion "1"]
[SourceVersionDate "2020.10.23"]
[SourceQuality "1"]

1. e4 c6 2. c4 d5 3. cxd5 cxd5 4. exd5 Nf6 5. d4 Nxd5 6. Bc4 Nc6 7. Nc3 Be6 8. Ne4 Bf5 9. Ng3 Bg6 10. h4 h6 11. h5 Bh7 12. Qb3 Nxd4 13. Qxb7 Nc2+ 14. Kf1 Nc7 15. Bb5+ Nxb5 16. Qc6+ Qd7 17. Qxa8+ Qd8 18. Qxd8+ Kxd8 19. Rb1 Bd3+ 20. N1e2 Ncd4 21. Ra1 Nxe2 22. Nxe2 Nd4 23. Ke1 Nxe2 24. Be3 e5 25. Rd1 Bb4+ 26. Bd2 Bxd2+ 27. Rxd2 e4 28. Rh2 f5 29. f3 Re8 30. fxe4 fxe4 31. Rxe2 Bxe2 32. Kxe2 Re5 33. Ke3 Kd7 34. g4 Kd6 35. Rh1 Rb5 36. b3 Rg5 37. Kf4 Kd5 38. Rd1+ Kc5 39. Rd7 a5 40. a3 g6 41. hxg6 Rxg6 42. Rc7+ Kd4 43. Kf5 Rd6 44. Rc4+ Kd3 45. Rxe4 Rb6 46. b4 Rb5+ 47. Re5 1-0